Music Quiz

Random Music or Song Quiz
Score 0/15 Timer 04:00
1 Play Today
% Correct
Baha Men
88%
Snow Patrol
84.2%
Gnarls Barkley
83.3%
Fountains of Wayne
78.2%
Eiffel 65
78.2%
Daniel Powter
78.1%
Macy Gray
68.9%
Crazy Town
60.1%
% Correct
The Calling
55.6%
The Ataris
41.5%
Howie Day
40.6%
Kevin Lyttle
39.1%
Bone Crusher
32.4%
The Click Five
28.5%
Truth Hurts
22%
Remove Ads.
Support Sporcle.
Get the best of Sporcle when you Go Orange. This ad-free experience offers more features, more stats, and more fun while also helping to support Sporcle. Thank you for becoming a member.

You're not logged in!

Compare scores with friends on all Sporcle quizzes.
OR
Log In

Show Comments

Extras

Top Quizzes Today


Score Distribution

Your Account Isn't Verified!

In order to create a playlist on Sporcle, you need to verify the email address you used during registration. Go to your Sporcle Settings to finish the process.

Report this User

Report this user for behavior that violates our Community Guidelines.

Details: